[Event "Liberec Region-chT 2223"]
[Site "Czech Republic"]
[Date "2022.11.27"]
[Round "4.5"]
[White "Liska, Martin"]
[Black "Papousek, Michal"]
[Result "1/2-1/2"]
[WhiteElo "1843"]
[BlackElo "1695"]
[PlyCount "52"]
[EventDate "2022.10.09"]
[EventType "team-tourn"]
[EventRounds "11"]
[EventCountry "CZE"]
[SourceTitle "EXT 2024"]
[Source "ChessBase"]
[SourceDate "2023.10.10"]
[SourceVersion "1"]
[SourceVersionDate "2023.10.10"]
[SourceQuality "1"]

1. d4 Nf6 2. Nf3 c5 3. e3 e6 4. Bd3 Be7 5. 0-0 0-0 6. b3 d5 7. Bb2 b6 8. c4 Bb7 9. Ne5 Nc6 10. Nxc6 Bxc6 11. Nd2 dxc4 12. bxc4 Qc7 13. Qe2 Qb7 14. f4 Ne4 15. Nf3 Qc7 16. Ne5 Bb7 17. Rad1 Rad8 18. Rf3 f6 19. Ng4 f5 20. Ne5 Bf6 21. Rh3 Qe7 22. Bc2 Bxe5 23. fxe5 Ng5 24. Rg3 Ne4 25. Rh3 Ng5 26. Rg3 Ne4 1/2-1/2

[Event "Liberec Desko op"]
[Site "Liberec"]
[Date "2020.07.18"]
[Round "1"]
[White "Vitak, Jiri"]
[Black "Papousek, Michal"]
[Result "1-0"]
[WhiteElo "2222"]
[BlackElo "1651"]
[PlyCount "95"]
[EventDate "2020.07.18"]
[EventType "swiss"]
[EventRounds "9"]
[EventCountry "CZE"]
[SourceTitle "CBM 197 Extra"]
[Source "ChessBase"]
[SourceDate "2020.09.30"]
[SourceVersion "1"]
[SourceVersionDate "2020.09.30"]
[SourceQuality "1"]

1. d4 Nf6 2. Nf3 e6 3. g3 d5 4. c4 c6 5. Bg2 Nbd7 6. Nbd2 Be7 7. 0-0 0-0 8. Qc2 Qc7 9. e4 dxe4 10. Nxe4 Nxe4 11. Qxe4 c5 12. Qe2 Nf6 13. Bf4 Qb6 14. dxc5 Bxc5 15. Ne5 Bd4 16. Rab1 Bd7 17. b4 Ba4 18. c5 Qb5 19. Qxb5 Bxb5 20. Rfd1 Bxe5 21. Bxe5 Nd5 22. Bxd5 exd5 23. Rxd5 Rfe8 24. Bf4 Re2 25. Ra1 Rae8 26. Be3 Bc6 27. Rd4 Re4 28. Rd8+ Re8 29. Rxe8+ Bxe8 30. a4 Rb2 31. b5 Rb4 32. Bf4 Re4 33. f3 Re6 34. Rd1 f6 35. Rd8 Kf7 36. Rb8 Re7 37. Ra8 a6 38. bxa6 bxa6 39. Rxa6 g5 40. Bd6 Rb7 41. c6 Rb1+ 42. Kf2 Rc1 43. c7 Bd7 44. Ke3 Ke8 45. Ra8+ Kf7 46. g4 Ke6 47. Bg3 Ke7 48. a5 1-0

[Event "CZE-chT U18 Extraliga final-B 1819"]
[Site "Czech Republic"]
[Date "2019.04.12"]
[Round "8.6"]
[White "Sebesta, Jan2"]
[Black "Papousek, Michal"]
[Result "0-1"]
[WhiteElo "1777"]
[BlackElo "1587"]
[PlyCount "84"]
[EventDate "2018.10.05"]
[EventType "team-tourn"]
[EventRounds "11"]
[EventCountry "CZE"]
[SourceTitle "EXT 2023"]
[Source "ChessBase"]
[SourceDate "2022.10.05"]
[SourceVersion "1"]
[SourceVersionDate "2022.10.05"]
[SourceQuality "1"]
[WhiteTeam "Orlova Slavia (U18)"]
[BlackTeam "Novoborsky U18"]
[WhiteTeamCountry "CZE"]
[BlackTeamCountry "CZE"]

1. e4 d5 2. exd5 Nf6 3. d4 Qxd5 4. Nf3 Bg4 5. Be2 Nc6 6. 0-0 0-0-0 7. c4 Qh5 8. h3 Nxd4 9. Nxd4 Bxe2 10. Qxe2 Rxd4 11. Qe3 e5 12. Nd2 Kb8 13. Nf3 Re4 14. Qd3 Be7 15. Be3 Qg6 16. Ng5 Rh4 17. Qxg6 fxg6 18. b3 Nd7 19. Rad1 Kc8 20. Kh2 Bxg5 21. Bxg5 Rd4 22. Be3 Rxd1 23. Rxd1 Nf6 24. Re1 Re8 25. Bc1 Kd7 26. Bb2 Kd6 27. Rd1+ Kc6 28. Re1 Kd6 29. Rd1+ Kc6 30. Re1 e4 31. g4 Re7 32. Kg3 Nd7 33. Ba3 Re6 34. Re2 Nc5 35. Bxc5 Kxc5 36. Kf4 Kb4 37. g5 Kc3 38. f3 e3 39. Kg3 Kd3 40. Re1 Kd2 41. Rb1 e2 42. Rb2+ Kc1 0-1